000 00550nam a22002057a 4500
003 OSt
005 20171211143822.0
008 171211b xxu||||| |||| 00| 0 eng d
020 _a9781137289254
040 _c040a
082 _a370.133
_bCOT 2013
100 _aCottrell, Stella
_912282
245 _aThe study skills Handbook /
_cStella Cottrell
250 _a4th.ed.
260 _aLondon
_bPalgrave Macmillan
_c2013
300 _avi, 424p;
_bcol.ill :
_c22 cm.
504 _aIncludes index
650 _aStudy skills
_97110
942 _2ddc
_cO_SHELF
999 _c5909
_d5909